[Event "World Blitz Final"]
[Site "Astana KAZ"]
[Date "2012.07.10"]
[Round "27"]
[White "Ivanchuk, V."]
[Black "Grischuk, A."]
[Result "0-1"]
[WhiteElo "2769"]
[BlackElo "2763"]
[PlyCount "121"]
[EventDate "2012.07.01"]

1. d4 Nf6 2. c4 g6 3. g3 c5 4. Nf3 Bg7 5. Bg2 cxd4 6. Nxd4 O-O 7. O-O d5 8.
cxd5 Nxd5 9. Nb3 Nb6 10. Nc3 Nc6 11. Bf4 Bf5 12. Qxd8 Raxd8 13. Nc5 Bc8 14.
Rad1 Nc4 15. N3a4 Nd4 16. Bxb7 Nxe2+ 17. Kg2 Nxf4+ 18. gxf4 Rxd1 19. Rxd1 Bxb7+
20. Nxb7 Nxb2 21. Nxb2 Bxb2 22. Rd7 Ba3 23. Nd8 a5 24. Nc6 Rc8 25. Nxe7+ Bxe7
26. Rxe7 Rc4 27. f5 gxf5 28. Re3 Ra4 29. a3 Kg7 30. h3 Kf6 31. Kf3 h5 32. Kg2
Kg5 33. Kf3 Rf4+ 34. Kg2 Re4 35. Rc3 Kf4 36. Rc5 Ra4 37. Rc3 h4 38. Re3 Re4 39.
Rc3 Rd4 40. Re3 Ra4 41. Rc3 Ke4 42. Rf3 Ke5 43. Rc3 Ke4 44. Re3+ Kd4 45. Rf3
Kd5 46. Rb3 f4 47. Rf3 Kc5 48. Kg1 Rd4 49. Rb3 a4 50. Rf3 Kc4 51. Kg2 f6 52.
Kh2 Rd3 53. Rxf4+ Kb3 54. Rxh4 Kxa3 55. Rh8 Kb2 56. Rb8+ Rb3 57. Re8 Rc3 58.
Rb8+ Kc2 59. h4 a3 60. h5 Rc5 61. Kg3 0-1

[Event "World Blitz Final"]
[Site "Astana KAZ"]
[Date "2012.07.10"]
[Round "27"]
[White "Carlsen, M."]
[Black "Radjabov, T."]
[Result "1-0"]
[WhiteElo "2837"]
[BlackElo "2788"]
[PlyCount "63"]
[EventDate "2012.07.01"]

1. a4 e5 2. e4 Nf6 3. Nc3 Nc6 4. Nf3 Bb4 5. Bb5 O-O 6. O-O d6 7. d3 Bg4 8. Ne2
a6 9. Bxc6 bxc6 10. Ng3 Nh5 11. h3 Nxg3 12. fxg3 Bd7 13. g4 Bc5+ 14. Kh1 Qe7
15. Qe1 f6 16. Nh4 g6 17. Bh6 Rf7 18. Rb1 Bb6 19. b3 d5 20. Nf3 Re8 21. Qg3 Bc5
22. Rbe1 dxe4 23. dxe4 Bd6 24. Re2 c5 25. Nd2 Be6 26. Qd3 g5 27. Qxa6 Kh8 28.
Nc4 Bxc4 29. Qxc4 Rg8 30. h4 gxh4 31. g5 Rg6 32. Ref2 1-0

[Event "World Blitz Final"]
[Site "Astana KAZ"]
[Date "2012.07.10"]
[Round "27"]
[White "Mamedyarov, S."]
[Black "Kotsur, P."]
[Result "1-0"]
[WhiteElo "2726"]
[BlackElo "2548"]
[PlyCount "53"]
[EventDate "2012.07.01"]

1. d4 Nf6 2. c4 e6 3. Nc3 Bb4 4. Qc2 c5 5. dxc5 Bxc5 6. Nf3 Qb6 7. e3 Qc7 8. g4
h6 9. Rg1 Bf8 10. h4 h5 11. g5 Ng4 12. g6 f6 13. Bd2 a6 14. O-O-O Nxf2 15. Re1
Ng4 16. e4 b6 17. Nd5 exd5 18. exd5+ Kd8 19. Ng5 fxg5 20. Rxg4 Qc5 21. b4 Qxb4
22. Bxb4 Bxb4 23. Qb2 Bxe1 24. Qxg7 Re8 25. d6 Bb7 26. Qf6+ Kc8 27. g7 1-0

[Event "World Blitz Final"]
[Site "Astana KAZ"]
[Date "2012.07.10"]
[Round "27"]
[White "Jumabayev, R."]
[Black "Karjakin, Sergey"]
[Result "0-1"]
[WhiteElo "2525"]
[BlackElo "2779"]
[PlyCount "106"]
[EventDate "2012.07.01"]

1. d4 Nf6 2. Nf3 e6 3. c4 b6 4. g3 Ba6 5. b3 Bb4+ 6. Bd2 Be7 7. Bg2 c6 8. O-O
d5 9. Qc2 Nbd7 10. Rd1 O-O 11. Bf4 Nh5 12. Bc1 Nhf6 13. Bf4 Rc8 14. Nc3 Qe8 15.
e4 dxc4 16. Bh3 Ra8 17. d5 cxd5 18. exd5 exd5 19. Nxd5 Nxd5 20. Rxd5 Nc5 21.
bxc4 Bb7 22. Rad1 Bxd5 23. cxd5 Qa4 24. Qxa4 Nxa4 25. d6 Bf6 26. Be5 Nc3 27.
Rd2 Ne4 28. Rd4 Nc5 29. Bxf6 gxf6 30. Nh4 Rfe8 31. Nf5 Kf8 32. Rh4 Kg8 33. Rg4+
Kh8 34. Nh6 Re1+ 35. Kg2 Rf8 36. Rh4 Re4 37. f4 Rd4 38. Bf5 Rd5 39. Kf3 Ne6 40.
Be4 Rxd6 41. Nf5 Nd4+ 42. Nxd4 Rxd4 43. Bxh7 Kg7 44. Bf5 Rh8 45. Rg4+ Kf8 46.
h4 Rd2 47. a4 Rd4 48. Be4 Rxa4 49. f5 b5 50. Rf4 Rc4 51. Kg2 Kg7 52. Rg4+ Kh6
53. Kh3 b4 0-1

[Event "World Blitz Final"]
[Site "Astana KAZ"]
[Date "2012.07.10"]
[Round "28"]
[White "Morozevich, A."]
[Black "Andreikin, D."]
[Result "0-1"]
[WhiteElo "2770"]
[BlackElo "2700"]
[PlyCount "134"]
[EventDate "2012.07.01"]

1. e4 c5 2. Nf3 e6 3. d4 cxd4 4. Nxd4 a6 5. Bd3 Bc5 6. Nb3 Ba7 7. O-O Nc6 8.
Qg4 Qf6 9. Nc3 d6 10. Qg3 Ne5 11. Be2 h5 12. Bg5 h4 13. Qf4 Qxf4 14. Bxf4 Ne7
15. h3 b5 16. a3 N7g6 17. Bh2 O-O 18. Kh1 Rd8 19. f4 Nc4 20. Bxc4 bxc4 21. Na5
Ne7 22. Nxc4 d5 23. Rad1 d4 24. e5 Bb7 25. Ne2 Nf5 26. Bg1 Rac8 27. b3 Bd5 28.
Rd2 Bxc4 29. bxc4 Rxc4 30. Rfd1 Rdc8 31. Nxd4 Bxd4 32. Bxd4 Rxc2 33. Bf2 Rxd2
34. Rxd2 Rc4 35. Kg1 Rxf4 36. Rd3 Re4 37. Rd8+ Kh7 38. Ra8 Ra4 39. Bc5 Ng3 40.
Bb4 Ne2+ 41. Kf2 Nf4 42. Kf3 Nd5 43. Bd6 Kg6 44. Ra7 Rf4+ 45. Ke2 Re4+ 46. Kf3
Rf4+ 47. Ke2 Ra4 48. Kf3 Nc3 49. Ra8 Nb5 50. Rh8 Nxa3 51. Bf8 Nc4 52. Rg8 Nxe5+
53. Kf2 Nd7 54. Rxg7+ Kf6 55. Rg8 Nxf8 56. Rxf8 a5 57. Rh8 Rb4 58. Ra8 a4 59.
Ra5 e5 60. Ra7 Ke6 61. Ke2 f5 62. Kf3 Rb3+ 63. Kf2 a3 64. Kg1 e4 65. Kh2 Ke5
66. Ra4 e3 67. Ra8 Kd4 0-1

[Event "World Blitz Final"]
[Site "Astana KAZ"]
[Date "2012.07.10"]
[Round "28"]
[White "Karjakin, Sergey"]
[Black "Mamedyarov, S."]
[Result "0-1"]
[WhiteElo "2779"]
[BlackElo "2726"]
[PlyCount "100"]
[EventDate "2012.07.01"]

1. e4 e5 2. Nf3 d6 3. d4 exd4 4. Nxd4 Nf6 5. Nc3 Be7 6. g3 d5 7. e5 Ng4 8. Bg2
O-O 9. Nxd5 Bc5 10. c3 Nxe5 11. O-O Bg4 12. Qb3 Nbc6 13. Nxc6 bxc6 14. Be3 Bxe3
15. Nxe3 Nf3+ 16. Bxf3 Bxf3 17. Qc2 g6 18. Nc4 Qd5 19. Nd2 Bg4 20. c4 Qd4 21.
Nb3 Qf6 22. Rfe1 Rfe8 23. Qc3 Qxc3 24. bxc3 Rxe1+ 25. Rxe1 Rd8 26. Re3 Be6 27.
Na5 Rd2 28. a4 Ra2 29. Re5 Rxa4 30. Rc5 Bh3 31. f3 Ra2 32. Re5 Rg2+ 33. Kh1 Rc2
34. Re1 Bg2+ 35. Kg1 Bxf3 36. Re3 Ra2 37. Nb3 Be2 38. c5 Bc4 39. Nd4 a5 40.
Nxc6 a4 41. Re4 Ra1+ 42. Kf2 a3 43. Rxc4 a2 44. Nb4 Rf1+ 45. Kxf1 a1=Q+ 46. Kg2
Qb2+ 47. Kh3 Qb3 48. Re4 Qxc3 49. c6 Qf3 50. Nd5 Qh5+ 0-1

[Event "World Blitz Final"]
[Site "Astana KAZ"]
[Date "2012.07.10"]
[Round "28"]
[White "Kotsur, P."]
[Black "Carlsen, M."]
[Result "0-1"]
[WhiteElo "2548"]
[BlackElo "2837"]
[PlyCount "91"]
[EventDate "2012.07.01"]

1. e4 e5 2. Nf3 Nc6 3. Bb5 a6 4. Ba4 Nf6 5. O-O Be7 6. d3 d6 7. c3 O-O 8. Nbd2
Nd7 9. Bc2 Bf6 10. Re1 g6 11. Nf1 Bg7 12. Ng3 Nb6 13. h3 d5 14. Qe2 h6 15. Be3
Be6 16. Bxb6 cxb6 17. Bb3 b5 18. Nf1 Na5 19. Bxd5 Bxd5 20. exd5 Qxd5 21. Qe4
Qxe4 22. dxe4 Nc4 23. b3 Nd6 24. Rad1 Rfd8 25. Rd5 f6 26. Red1 Bf8 27. N3d2
Rdc8 28. Nb1 Nxe4 29. Rd7 Nc5 30. R7d5 Rc7 31. Ne3 Rac8 32. Kf1 Kf7 33. Ke2 Be7
34. f3 Ne6 35. g3 h5 36. h4 Bc5 37. Rd7+ Ke8 38. Rxc7 Nxc7 39. Nd5 Nxd5 40.
Rxd5 Ke7 41. Nd2 Ke6 42. Rd3 f5 43. c4 Bb4 44. cxb5 axb5 45. Kd1 Ra8 46. a4 0-1

[Event "World Blitz Final"]
[Site "Astana KAZ"]
[Date "2012.07.10"]
[Round "28"]
[White "Radjabov, T."]
[Black "Ivanchuk, V."]
[Result "1-0"]
[WhiteElo "2788"]
[BlackElo "2769"]
[PlyCount "87"]
[EventDate "2012.07.01"]

1. d4 Nf6 2. c4 e6 3. Nf3 b6 4. g3 Bb7 5. Bg2 Be7 6. O-O O-O 7. Bf4 d6 8. Nc3
Ne4 9. Qc2 Nxc3 10. Qxc3 Nd7 11. Rfd1 Nf6 12. Qc2 Be4 13. Qb3 Qc8 14. d5 e5 15.
Bd2 a5 16. Qe3 Re8 17. b3 h6 18. Bc3 Bf5 19. Nd2 Bh3 20. f3 Nh5 21. Qf2 Bxg2
22. Qxg2 f5 23. e4 f4 24. g4 Nf6 25. Kf2 Nh7 26. Ke2 Bh4 27. Kd3 Ng5 28. Kc2
Kf7 29. a3 Rh8 30. b4 axb4 31. axb4 Rxa1 32. Rxa1 h5 33. gxh5 Rxh5 34. c5 bxc5
35. bxc5 Rh6 36. c6 Nh7 37. Ra7 Bd8 38. Nc4 Rg6 39. Qf1 Rh6 40. Nb6 Qh3 41.
Qxh3 Rxh3 42. Na8 Rxf3 43. Nxc7 Kg6 44. Ne6 1-0

[Event "World Blitz Final"]
[Site "Astana KAZ"]
[Date "2012.07.10"]
[Round "28"]
[White "Grischuk, A."]
[Black "Svidler, P."]
[Result "0-1"]
[WhiteElo "2763"]
[BlackElo "2749"]
[PlyCount "66"]
[EventDate "2012.07.01"]

1. e4 g6 2. d4 Bg7 3. Nc3 a6 4. Be3 d6 5. f4 b5 6. Bd3 Bb7 7. Nf3 Nd7 8. e5 Nh6
9. Qe2 Nb6 10. Ne4 Qd7 11. O-O O-O 12. Rae1 Nd5 13. Bd2 Rae8 14. c3 f5 15. Neg5
e6 16. b3 Nf7 17. Nxf7 Rxf7 18. c4 bxc4 19. bxc4 Nb6 20. Be3 Rfe7 21. h4 h5 22.
Rd1 Qa4 23. Ng5 dxe5 24. fxe5 c5 25. Nh3 cxd4 26. Bxd4 Qc6 27. Nf4 Rd7 28. Ba1
Bh6 29. Nxg6 Rg7 30. Bxf5 exf5 31. Rf2 Rxg6 32. c5 Nd5 33. Qc4 Qe6 0-1

[Event "World Blitz Final"]
[Site "Astana KAZ"]
[Date "2012.07.10"]
[Round "28"]
[White "Le Quang Liem"]
[Black "Bologan, V."]
[Result "0-1"]
[WhiteElo "2693"]
[BlackElo "2732"]
[PlyCount "92"]
[EventDate "2012.07.01"]

1. d4 Nf6 2. c4 c5 3. d5 b5 4. cxb5 a6 5. bxa6 g6 6. Nc3 Bxa6 7. g3 d6 8. Bg2
Bg7 9. Nf3 Nbd7 10. Rb1 O-O 11. O-O Qa5 12. Bd2 Bb7 13. Qc2 Qa7 14. e4 Ba6 15.
Rfd1 Ng4 16. Be1 Rfb8 17. b3 Nge5 18. Nxe5 Nxe5 19. h3 c4 20. b4 Nd3 21. a3 Bc8
22. Ra1 Bd7 23. Ra2 Qd4 24. Ne2 Nxe1 25. Nxd4 Nxc2 26. Nxc2 Ba4 27. Ne3 Bxd1
28. Nxd1 Rxb4 29. Bf1 c3 30. Bd3 Rba4 31. Rc2 Rxa3 32. Kf1 Bd4 33. Ke2 Ra2 34.
f4 R8a3 35. g4 Kg7 36. g5 h6 37. h4 hxg5 38. hxg5 f6 39. gxf6+ Kxf6 40. Ne3
Bxe3 41. Kxe3 Rxc2 42. Bxc2 g5 43. fxg5+ Kxg5 44. Kd4 Kf4 45. Bd3 Ra4+ 46. Kxc3
Rxe4 0-1

[Event "World Blitz Final"]
[Site "Astana KAZ"]
[Date "2012.07.10"]
[Round "28"]
[White "Topalov, V."]
[Black "Chadaev, N."]
[Result "1/2-1/2"]
[WhiteElo "2752"]
[BlackElo "2580"]
[PlyCount "67"]
[EventDate "2012.07.01"]

1. e4 e5 2. Nf3 Nc6 3. Bb5 a6 4. Ba4 Nf6 5. O-O Be7 6. d3 b5 7. Bb3 O-O 8. a4
b4 9. Nbd2 d6 10. h3 h6 11. Nc4 Be6 12. a5 Rb8 13. Re1 Re8 14. Ba4 Bd7 15. Be3
Bf8 16. Nfd2 Ne7 17. Bxd7 Qxd7 18. d4 Qb5 19. b3 Ng6 20. d5 Nd7 21. Qg4 Nc5 22.
h4 Kh8 23. h5 Ne7 24. Nf1 f5 25. exf5 Nxd5 26. Ng3 Nd7 27. Rad1 N7f6 28. Qh3
Qd7 29. Bd2 Qf7 30. Qh4 Be7 31. Qh3 Bf8 32. Qh4 Be7 33. Qh3 Bf8 34. Qh4 1/2-1/2

[Event "World Blitz Final"]
[Site "Astana KAZ"]
[Date "2012.07.10"]
[Round "29"]
[White "Chadaev, N."]
[Black "Le Quang Liem"]
[Result "0-1"]
[WhiteElo "2580"]
[BlackElo "2693"]
[PlyCount "47"]
[EventDate "2012.07.01"]

1. e4 c5 2. Nf3 g6 3. d4 cxd4 4. Qxd4 Nf6 5. Nc3 Nc6 6. Qa4 d6 7. e5 dxe5 8.
Nxe5 Bd7 9. Nxd7 Qxd7 10. Be3 Bg7 11. Rd1 Qc7 12. Nb5 Qe5 13. Qf4 Qxf4 14. Bxf4
O-O 15. Be2 Rad8 16. O-O Nd5 17. Bc1 a6 18. Na3 Nd4 19. Bd3 Nb4 20. Rfe1 Nxa2
21. Bg5 Nc6 22. c3 Rd5 23. Be3 Bxc3 24. bxc3 0-1

[Event "World Blitz Final"]
[Site "Astana KAZ"]
[Date "2012.07.10"]
[Round "29"]
[White "Bologan, V."]
[Black "Grischuk, A."]
[Result "0-1"]
[WhiteElo "2732"]
[BlackElo "2763"]
[PlyCount "48"]
[EventDate "2012.07.01"]

1. e4 e5 2. Nf3 Nc6 3. Bb5 a6 4. Ba4 Nf6 5. O-O Be7 6. Re1 b5 7. Bb3 O-O 8. h3
Bb7 9. d3 d5 10. exd5 Nxd5 11. a4 Nd4 12. Nbd2 Nxb3 13. Nxb3 c5 14. Nxe5 Bd6
15. axb5 axb5 16. Rxa8 Bxa8 17. c4 Nb4 18. d4 cxd4 19. cxb5 d3 20. Qg4 Re8 21.
Qh5 g6 22. Qg4 Bd5 23. Bd2 Bxb3 24. Nc6 Nxc6 0-1

[Event "World Blitz Final"]
[Site "Astana KAZ"]
[Date "2012.07.10"]
[Round "29"]
[White "Svidler, P."]
[Black "Radjabov, T."]
[Result "1-0"]
[WhiteElo "2749"]
[BlackElo "2788"]
[PlyCount "81"]
[EventDate "2012.07.01"]

1. c4 Nf6 2. g3 g6 3. Bg2 Bg7 4. Nf3 O-O 5. O-O d6 6. Nc3 e5 7. Rb1 Nc6 8. b4
h6 9. b5 Ne7 10. a4 Be6 11. d3 Rb8 12. e4 Nd7 13. Be3 b6 14. Nd5 Nc5 15. a5
Nxd5 16. cxd5 Bd7 17. Qc2 f5 18. exf5 Bxf5 19. Bxc5 bxc5 20. Nd2 Qd7 21. Qc4 h5
22. h4 Bh6 23. Ne4 Rb7 24. Rb3 Kg7 25. Rfb1 Rfb8 26. Nc3 Rf8 27. b6 axb6 28.
axb6 Rfb8 29. bxc7 Qxc7 30. Nb5 Qd7 31. Nxd6 Rxb3 32. Nxf5+ gxf5 33. Rxb3 Rxb3
34. Qxb3 f4 35. Qb6 fxg3 36. fxg3 Be3+ 37. Kh2 Bd4 38. Be4 Qf7 39. d6 c4 40.
Qc7 c3 41. Bd5 1-0

[Event "World Blitz Final"]
[Site "Astana KAZ"]
[Date "2012.07.10"]
[Round "29"]
[White "Carlsen, M."]
[Black "Karjakin, Sergey"]
[Result "1-0"]
[WhiteElo "2837"]
[BlackElo "2779"]
[PlyCount "79"]
[EventDate "2012.07.01"]

1. e4 e5 2. Nf3 Nc6 3. Bb5 Nf6 4. d3 Bc5 5. Bxc6 dxc6 6. Nbd2 O-O 7. O-O Bg4 8.
h3 Bh5 9. Nc4 Re8 10. Be3 Bd6 11. Bg5 h6 12. Bh4 g5 13. g4 Bg6 14. Bg3 Nd7 15.
h4 f6 16. Ne3 Bf8 17. Kg2 Nc5 18. hxg5 hxg5 19. Nf5 Ne6 20. Rh1 Qd7 21. Rh3
Bxf5 22. exf5 Nf4+ 23. Bxf4 exf4 24. Nd2 Rad8 25. Qf3 Bg7 26. Ne4 Kf7 27. Rh7
Rh8 28. Qh3 Rxh7 29. Qxh7 Rh8 30. Qg6+ Kf8 31. Nxf6 Qf7 32. Nh7+ Rxh7 33. Qxh7
Qd5+ 34. f3 Qe5 35. Kf1 Qe3 36. Qh3 Bxb2 37. Re1 Qd2 38. Qh6+ Bg7 39. Qg6 Be5
40. f6 1-0

[Event "World Blitz Final"]
[Site "Astana KAZ"]
[Date "2012.07.10"]
[Round "29"]
[White "Jumabayev, R."]
[Black "Andreikin, D."]
[Result "1-0"]
[WhiteElo "2525"]
[BlackElo "2700"]
[PlyCount "109"]
[EventDate "2012.07.01"]

1. d4 Nf6 2. c4 c5 3. Nf3 cxd4 4. Nxd4 Nc6 5. Nc3 e6 6. a3 Be7 7. e4 O-O 8. Nf3
d6 9. Be2 b6 10. O-O Bb7 11. Bf4 Qb8 12. Rc1 Rd8 13. Kh1 Ne5 14. Nd2 a6 15. Bg3
Nc6 16. f4 Qa7 17. Bf2 Nd7 18. Nf3 Rab8 19. b4 Ba8 20. Bd3 Qb7 21. Qe2 Nf8 22.
Rb1 Ng6 23. Be3 Qc7 24. Qd2 Bf6 25. Rfc1 Qe7 26. Qf2 Rdc8 27. h3 h5 28. Na4 e5
29. f5 Nf4 30. Bxf4 exf4 31. Nxb6 Qa7 32. c5 Rd8 33. Nd5 dxc5 34. Qxc5 Qxc5 35.
Rxc5 Ne5 36. Nxe5 Bxe5 37. Bxa6 Bd4 38. Rc4 Be3 39. Rd1 Kh7 40. Rc3 Bf2 41. Be2
Bg3 42. Bxh5 g6 43. fxg6+ fxg6 44. Bg4 Kh6 45. Kg1 Re8 46. Bf3 Rbd8 47. b5 Re6
48. a4 g5 49. a5 g4 50. hxg4 Kg5 51. b6 Rh8 52. Rc5 Re5 53. a6 Rh6 54. b7 Rxa6
55. b8=Q 1-0

[Event "World Blitz Final"]
[Site "Astana KAZ"]
[Date "2012.07.10"]
[Round "30"]
[White "Morozevich, A."]
[Black "Jumabayev, R."]
[Result "1-0"]
[WhiteElo "2770"]
[BlackElo "2525"]
[PlyCount "119"]
[EventDate "2012.07.01"]

1. d4 d5 2. c4 c6 3. Nf3 Nf6 4. Nc3 e6 5. Bg5 h6 6. Bh4 g5 7. Bg3 dxc4 8. e4 b5
9. Be2 Bb7 10. e5 Nd5 11. O-O Nd7 12. a4 a6 13. Nxd5 cxd5 14. Ne1 Bg7 15. f4
O-O 16. fxg5 hxg5 17. Bg4 f5 18. exf6 Rxf6 19. Nf3 b4 20. Re1 Qb6 21. a5 Qc6
22. Nxg5 e5 23. Bxd7 Qxd7 24. Bxe5 Rg6 25. h4 Rf8 26. Bxg7 Qxg7 27. Re5 Bc6 28.
Qe2 Qh6 29. Rf1 Rxf1+ 30. Qxf1 Rf6 31. Qe1 Qg6 32. Kh2 c3 33. bxc3 b3 34. Nf3
Rf5 35. Re6 Rf6 36. Re2 Bb5 37. Rb2 Bc4 38. Ne5 Qf5 39. Qg3+ Kh7 40. Nxc4 dxc4
41. Qc7+ Kh6 42. Qxc4 Qe4 43. g3 Qc2+ 44. Qe2 Qxc3 45. Qd2+ Qxd2+ 46. Rxd2 Rc6
47. Rd3 Rc2+ 48. Kh3 b2 49. Rb3 Rd2 50. Rb6+ Kg7 51. h5 Kh7 52. g4 Kg7 53. Kh4
Kf7 54. Kg5 Rxd4 55. Rb7+ Kg8 56. Rxb2 Rd5+ 57. Kf6 Rxa5 58. g5 Ra1 59. Rb8+
Kh7 60. g6+ 1-0

[Event "World Blitz Final"]
[Site "Astana KAZ"]
[Date "2012.07.10"]
[Round "30"]
[White "Andreikin, D."]
[Black "Mamedyarov, S."]
[Result "1-0"]
[WhiteElo "2700"]
[BlackElo "2726"]
[PlyCount "97"]
[EventDate "2012.07.01"]

1. d4 g6 2. e4 Bg7 3. Nf3 d6 4. h3 c6 5. Nc3 Nf6 6. a4 O-O 7. Be2 Nbd7 8. O-O
e5 9. dxe5 dxe5 10. b3 Qa5 11. Qe1 Rd8 12. Ba3 Nf8 13. Be7 Re8 14. Bd6 N6d7 15.
Rd1 Qd8 16. Bc4 Qf6 17. Qe3 h6 18. Nh2 Nb6 19. Be2 Qf4 20. Qd3 Be6 21. a5 Nc8
22. Ba3 h5 23. Nf3 Qf6 24. Na4 Nd7 25. Bc1 Qe7 26. Ng5 Nf8 27. Be3 Bf6 28. Nf3
Kg7 29. Nc5 b6 30. Na4 Nd7 31. Qc3 c5 32. Bb5 Nd6 33. Bxd7 Bxd7 34. Qd2 Bxa4
35. Qxd6 Bb5 36. c4 Ba6 37. axb6 axb6 38. Qxb6 Reb8 39. Qc6 Bb7 40. Qxc5 Qxc5
41. Bxc5 Bxe4 42. Bd6 Rxb3 43. Nd2 Bc2 44. Nxb3 Bxb3 45. Rc1 Rc8 46. c5 e4 47.
c6 Bd4 48. Rfe1 Bb2 49. Rb1 1-0

[Event "World Blitz Final"]
[Site "Astana KAZ"]
[Date "2012.07.10"]
[Round "30"]
[White "Gelfand, B."]
[Black "Carlsen, M."]
[Result "0-1"]
[WhiteElo "2738"]
[BlackElo "2837"]
[PlyCount "80"]
[EventDate "2012.07.01"]

1. d4 d5 2. c4 c6 3. Nf3 Nf6 4. Nc3 a6 5. e3 Bf5 6. Qb3 Ra7 7. Be2 h6 8. cxd5
cxd5 9. Ne5 e6 10. Bd2 Nbd7 11. Nxd7 Nxd7 12. O-O Bd6 13. a4 O-O 14. a5 Qh4 15.
f4 Qe7 16. Na4 Raa8 17. Nb6 Nxb6 18. Qxb6 Rac8 19. Rac1 Be4 20. b4 g5 21. b5
axb5 22. Qxb5 gxf4 23. exf4 Qf6 24. Qb6 Rxc1 25. Bxc1 Qg7 26. Bf3 Be7 27. Be3
Bd3 28. Qxb7 Bxf1 29. Qxe7 Bd3 30. f5 exf5 31. Bxd5 Qg6 32. Qh4 Rb8 33. h3 Qd6
34. Ba2 Rb2 35. Bf4 Qg6 36. Bd5 Be4 37. Bxe4 fxe4 38. g3 e3 39. Qg4 Qxg4 40.
hxg4 Rb1+ 0-1

[Event "World Blitz Final"]
[Site "Astana KAZ"]
[Date "2012.07.10"]
[Round "30"]
[White "Karjakin, Sergey"]
[Black "Ivanchuk, V."]
[Result "1/2-1/2"]
[WhiteElo "2779"]
[BlackElo "2769"]
[PlyCount "130"]
[EventDate "2012.07.01"]

1. e4 e5 2. Nf3 Nc6 3. Bb5 a6 4. Ba4 Nf6 5. O-O Nxe4 6. d4 b5 7. Bb3 d5 8. dxe5
Be6 9. Be3 Be7 10. c3 Qd7 11. Nbd2 Rd8 12. Re1 O-O 13. a4 b4 14. Nxe4 dxe4 15.
Qxd7 Bxd7 16. e6 Bxe6 17. Bxe6 exf3 18. Bc4 bxc3 19. bxc3 Bf6 20. Rac1 a5 21.
Bc5 Rfe8 22. Rxe8+ Rxe8 23. Bb5 Re6 24. gxf3 Ne5 25. f4 Nf3+ 26. Kg2 Nh4+ 27.
Kh3 g6 28. Rb1 h5 29. Bd3 Nf5 30. Rb8+ Kg7 31. Rc8 Bxc3 32. Bf8+ Kf6 33. Rxc7
Bb4 34. Bxb4 axb4 35. a5 Rd6 36. Bc4 Ne7 37. a6 Rc6 38. Rxc6+ Nxc6 39. Kg3 Ke7
40. Kf3 f6 41. h4 Kd6 42. Bf7 Kc5 43. Bxg6 b3 44. Ke3 b2 45. Kd2 Kb6 46. Kc2
Nd4+ 47. Kxb2 Nf3 48. Bxh5 Nxh4 49. Kc3 Kxa6 50. Kd4 Kb6 51. Kd5 Ng2 52. Ke4
Kc7 53. Kf5 Kd6 54. Bf3 Nh4+ 55. Kg4 Ng6 56. Kf5 Nh4+ 57. Kxf6 Nxf3 58. f5 Kd7
59. Kg7 Nh4 60. f6 Nf5+ 61. Kg6 Nd6 62. f4 Ke8 63. Kg7 Nf5+ 64. Kg8 Nh6+ 65.
Kg7 Nf5+ 1/2-1/2

[Event "World Blitz Final"]
[Site "Astana KAZ"]
[Date "2012.07.10"]
[Round "30"]
[White "Kotsur, P."]
[Black "Svidler, P."]
[Result "1-0"]
[WhiteElo "2548"]
[BlackElo "2749"]
[PlyCount "75"]
[EventDate "2012.07.01"]

1. e4 c5 2. Nf3 e6 3. d4 cxd4 4. Nxd4 a6 5. Be2 Nf6 6. Nc3 Bb4 7. O-O d6 8. Qd3
Nbd7 9. Nb3 Qc7 10. Bd2 O-O 11. Rad1 Ne5 12. Qd4 Nc6 13. Qe3 e5 14. a3 Bxc3 15.
Bxc3 Be6 16. f4 d5 17. fxe5 Nxe4 18. Bd4 Nxd4 19. Nxd4 Qxe5 20. c3 Bd7 21. Nf3
Qe6 22. Bd3 Ba4 23. Rde1 Rfe8 24. Nd4 Qb6 25. Qf4 Nf6 26. Qf2 Bd7 27. h3 h6 28.
Kh1 a5 29. Bb1 Qd6 30. Qh4 b6 31. Qf2 Rac8 32. Qh4 b5 33. Bf5 Rxe1 34. Rxe1 Re8
35. Rf1 Ne4 36. Rf3 Re5 37. Qd8+ Re8 38. Qxd7 1-0

[Event "World Blitz Final"]
[Site "Astana KAZ"]
[Date "2012.07.10"]
[Round "30"]
[White "Radjabov, T."]
[Black "Bologan, V."]
[Result "1-0"]
[WhiteElo "2788"]
[BlackElo "2732"]
[PlyCount "127"]
[EventDate "2012.07.01"]

1. d4 Nf6 2. Nf3 c5 3. d5 b5 4. Bg5 Qb6 5. e3 g6 6. d6 Bg7 7. dxe7 Ne4 8. c3
Bb7 9. Bf4 Kxe7 10. Nbd2 d5 11. Bd3 Rd8 12. h4 h6 13. Qc2 f5 14. O-O Nd7 15.
Be2 Kf7 16. a4 a6 17. Rfd1 Kg8 18. Bf1 Kh8 19. Nxe4 fxe4 20. Nd2 c4 21. axb5
axb5 22. Rxa8 Rxa8 23. Nxe4 Qe6 24. Nd2 Nc5 25. Be2 Rf8 26. Bg3 Qf7 27. Ra1 Kg8
28. Ra7 Ra8 29. Rxa8+ Bxa8 30. Qb1 Bc6 31. Bd1 Bf6 32. Bc2 Kg7 33. Nf3 Qe8 34.
Nd4 Bd7 35. Qa1 Na4 36. b3 cxb3 37. Bxb3 Qc8 38. Bxd5 Qxc3 39. Qd1 b4 40. Ne6+
Bxe6 41. Bxe6 Qa1 42. Qxa1 Bxa1 43. Bd6 Bc3 44. Kf1 Nb6 45. Ke2 Kf6 46. Bb3 g5
47. hxg5+ hxg5 48. Kd3 Nd7 49. f4 gxf4 50. exf4 Be1 51. g4 Bg3 52. Ke4 Bf2 53.
Bxb4 Nc5+ 54. Kf3 Bd4 55. Bc2 Ne6 56. Bb3 Bc5 57. Bxc5 Nxc5 58. g5+ Kf5 59.
Bc2+ Ke6 60. Kg4 Kf7 61. f5 Nd7 62. Kf4 Ke7 63. Bb3 Kf8 64. f6 1-0

[Event "World Blitz Final"]
[Site "Astana KAZ"]
[Date "2012.07.10"]
[Round "30"]
[White "Grischuk, A."]
[Black "Chadaev, N."]
[Result "1/2-1/2"]
[WhiteElo "2763"]
[BlackElo "2580"]
[PlyCount "59"]
[EventDate "2012.07.01"]

1. e4 e5 2. Nf3 Nf6 3. Nxe5 d6 4. Nf3 Nxe4 5. d4 d5 6. Bd3 Nc6 7. O-O Be7 8. c4
Nb4 9. Be2 O-O 10. Nc3 Bf5 11. a3 Nxc3 12. bxc3 Nc6 13. Re1 Re8 14. Bf4 dxc4
15. Bxc4 Bd6 16. Rxe8+ Qxe8 17. Bxd6 cxd6 18. Ng5 Bg6 19. h4 Qe7 20. Qg4 h6 21.
h5 Bxh5 22. Qxh5 hxg5 23. Rd1 Rf8 24. Rd3 Qe1+ 25. Kh2 Qxf2 26. Rh3 Qf4+ 27.
Kh1 Qc1+ 28. Kh2 Qf4+ 29. Kh1 Qc1+ 30. Kh2 1/2-1/2

[Event "World Blitz Final"]
[Site "Astana KAZ"]
[Date "2012.07.10"]
[Round "30"]
[White "Le Quang Liem"]
[Black "Topalov, V."]
[Result "0-1"]
[WhiteElo "2693"]
[BlackElo "2752"]
[PlyCount "98"]
[EventDate "2012.07.01"]

1. c4 g6 2. d4 Nf6 3. g3 Bg7 4. Bg2 d6 5. Nc3 O-O 6. e3 c6 7. Nge2 e5 8. O-O
Re8 9. e4 exd4 10. Nxd4 Nbd7 11. Re1 Nc5 12. Bf4 Ng4 13. h3 Ne5 14. Bf1 Qb6 15.
Qd2 Ncd3 16. Bxd3 Qxd4 17. Be2 Qxd2 18. Bxd2 Bxh3 19. Rad1 a6 20. Be3 Be6 21.
Rxd6 Bxc4 22. b3 Bxe2 23. Rxe2 Rad8 24. Rxd8 Rxd8 25. Na4 g5 26. Nc5 g4 27. Kf1
Bf8 28. Nxb7 Rd7 29. Na5 Rd1+ 30. Re1 Rxe1+ 31. Kxe1 Bb4+ 32. Bd2 Nf3+ 33. Ke2
Nxd2 34. Nxc6 Bc3 35. Ne7+ Kg7 36. Nd5 Nxe4 37. Kd3 Nxf2+ 38. Kxc3 Ne4+ 39. Kd3
Nxg3 40. Nb4 h5 41. Ke3 Nf5+ 42. Kf4 g3 43. Kf3 h4 44. Kg2 Ne3+ 45. Kh3 g2 46.
Kh2 h3 47. Nxa6 Ng4+ 48. Kg1 Ne5 49. Kf2 Nf3 0-1

[Event "Turkish League 2012"]
[Site "Konya"]
[Date "2012.07.12"]
[Round "1"]
[White "Mamedyarov, Shakhriya"]
[Black "Adams, Michael"]
[Result "1/2-1/2"]
[WhiteElo "2726"]
[BlackElo "2723"]
[PlyCount "45"]
[EventDate "2012.??.??"]

1. d4 Nf6 2. c4 e6 3. Nc3 Bb4 4. Qc2 d5 5. cxd5 Qxd5 6. Nf3 Qf5 7. Qb3 Nc6 8.
Bd2 a5 9. e3 O-O 10. a3 a4 11. Qd1 Bd6 12. g4 Nxg4 13. h3 Nf6 14. Rg1 e5 15. d5
Ne7 16. Rg5 Qd7 17. Nxe5 Bxe5 18. Rxe5 h6 19. Ne4 Nxe4 20. Rxe4 Nxd5 21. Qf3
Qf5 22. Qg2 Be6 23. O-O-O 1/2-1/2

[Event "Turkish League 2012"]
[Site "Konya"]
[Date "2012.07.12"]
[Round "1"]
[White "Polgar, Judit"]
[Black "Mamedov, Rauf"]
[Result "1-0"]
[WhiteElo "2709"]
[BlackElo "2628"]
[PlyCount "79"]
[EventDate "2012.??.??"]

1. e4 c5 2. Nf3 d6 3. d4 cxd4 4. Nxd4 Nf6 5. Nc3 g6 6. g3 Bg7 7. Bg2 O-O 8. O-O
Nc6 9. Nde2 Rb8 10. a4 a6 11. h3 b5 12. axb5 axb5 13. Bg5 h6 14. Be3 b4 15. Nd5
Nd7 16. Qc1 Kh7 17. Rd1 Bb7 18. Nd4 e6 19. Nxc6 Bxc6 20. Nf4 Ne5 21. Bd4 Qc7
22. b3 Ra8 23. Qe3 Rxa1 24. Rxa1 Ra8 25. Rxa8 Bxa8 26. Qd2 h5 27. Ne2 Nd7 28.
Bxg7 Kxg7 29. Nf4 Nf6 30. Qxb4 Qxc2 31. Qxd6 Qxb3 32. e5 Ne4 33. Qd4 Qb1+ 34.
Kh2 Bc6 35. Nd3 Qb7 36. Nb4 Bd5 37. Nxd5 exd5 38. Bxe4 dxe4 39. e6+ Kh6 40.
Qh8+ 1-0